| 000 | 00644nam a2200229Ia 4500 | ||
|---|---|---|---|
| 003 | OSt | ||
| 005 | 20220918230957.0 | ||
| 006 | a|||||r|||| 00| 0 | ||
| 007 | ta | ||
| 008 | 220917b |||||||| |||| 00| 0 eng d | ||
| 024 | _a262,035 | ||
| 037 | _cTextual | ||
| 040 |
_aARTS _cARTS _beng |
||
| 041 |
_2eng _aeng |
||
| 082 | _aY41.73'N67t, K7 | ||
| 245 | 0 | _aBrain drain into the united states of scientists, engineers, and physicians | |
| 260 |
_aWashington _bGovernment Printing Office U.S.A _c1967 |
||
| 300 |
_a110p. _ccm. |
||
| 650 | _aSOCIOLOGY | ||
| 942 |
_hY41.73'N67t, K7 _cTEXL _2CC |
||
| 999 |
_c289461 _d289461 |
||